Statystyki dla Wymień stany USA

Kliknij tutaj aby rozwiązać quiz!

Ogólne statystyki

  • Ten quiz został rozwiązany 15 621 razy
  • Średni wynik to 23 z 51

Statystyki odpowiedzi

HintOdpowiedź% Poprawnych
USACalifornia
80%
USAAlaska
78%
USANew York
76%
USATexas
75%
USAAlabama
69%
USAWashington
69%
USAFlorida
67%
USAArizona
61%
USANevada
59%
USANorth Carolina
59%
USAOhio
57%
USASouth Carolina
57%
USANew Mexico
56%
USAHawaii
53%
USANorth Dakota
51%
USAColorado
50%
USASouth Dakota
50%
USANew Jersey
48%
USAGeorgia
46%
USAUtah
46%
USAIdaho
45%
USAArkansas
44%
USAMissisipi
44%
USAKentucky
43%
USAMontana
43%
USAOregon
43%
USAIllinois
42%
USANebraska
42%
USAVirginia
42%
USAKansas
41%
USAOklahoma
40%
USAMissouri
39%
USAMaine
37%
USAMichigan
37%
USAIndiana
36%
USAIowa
36%
USAWyoming
36%
USAWest Virginia
34%
USAMinnesota
33%
USAWisconsin
33%
USANew Hampshire
32%
USARhode Island
31%
USAConnecticut
30%
USADelaware
30%
USAMaryland
30%
USALouisiana
29%
USAMassachusetts
29%
USATennessee
28%
USAVermont
28%
USAPennsylvania
25%
USADistrict of Columbia
15%

Rozkład punktacji

Percentyl według liczby udzielonych odpowiedzi

Procent ludzi z każdym wynikiem

Twoja historia wyników

Nie rozwiązałeś tego quizu